|
|
|
|
| LEADER |
01701nam a2200421 i 4500 |
| 001 |
38889 |
| 003 |
BD-DhAAL |
| 005 |
20220614100356.0 |
| 008 |
220614t2021 nyua b 001 0 eng d |
| 999 |
|
|
|c 44310
|d 44310
|
| 010 |
|
|
|a 2019017090
|
| 020 |
|
|
|a 9781260571387
|
| 020 |
|
|
|a 1260571386
|
| 020 |
|
|
|a 9781260232073
|
| 020 |
|
|
|a 1260232077
|
| 020 |
|
|
|a 9781260484588
|
| 020 |
|
|
|a 1260484580
|
| 040 |
|
|
|a DLC
|b eng
|c DLC
|e rda
|d DLC
|d BD-DhAAL
|
| 042 |
|
|
|a pcc
|
| 050 |
0 |
0 |
|a TA345
|b .C47 2021
|
| 082 |
0 |
0 |
|a 518.02462
|2 23
|
| 100 |
1 |
|
|a Chapra, Steven C.,
|e author.
|9 49286
|
| 245 |
1 |
0 |
|a Numerical methods for engineers /
|c Steven C. Chapra, Raymond P. Canale.
|
| 250 |
|
|
|a Eighth edition.
|
| 264 |
|
1 |
|a New York, NY :
|b McGraw-Hill Education,
|c c2021.
|
| 300 |
|
|
|a xvi, 988 pages :
|b illustrations ;
|c 24 cm.
|
| 504 |
|
|
|a Includes bibliographical references and index.
|
| 526 |
|
|
|a EEE
|
| 541 |
|
|
|a Trim Education
|e 38889, 38890
|
| 650 |
|
0 |
|a Engineering mathematics
|x Data processing.
|9 49287
|
| 650 |
|
0 |
|a Numerical calculations
|x Data processing
|9 49288
|
| 650 |
|
0 |
|a Microcomputers
|x Programming.
|9 49289
|
| 650 |
|
0 |
|a Electrical engineering.
|9 49290
|
| 700 |
1 |
|
|a Canale, Raymond P.,
|e author.
|9 49291
|
| 852 |
|
|
|a Ayesha Abed Library
|c General Stacks
|
| 942 |
|
|
|2 ddc
|c BK
|
| 952 |
|
|
|0 0
|1 0
|2 ddc
|4 0
|6 518_024620000000000_CHA
|7 0
|9 70804
|a BRACUL
|b BRACUL
|c GEN
|d 2022-06-06
|e Trim Education
|g 6690.00
|l 7
|m 65
|o 518.02462 CHA
|p 3010038890
|r 2026-05-05
|s 2026-02-05
|t 2
|v 6690.00
|w 2022-06-06
|y BK
|
| 952 |
|
|
|0 0
|1 0
|2 ddc
|4 0
|6 518_024620000000000_CHA
|7 0
|9 70805
|a BRACUL
|b BRACUL
|c GEN
|d 2022-06-06
|e Trim Education
|g 6690.00
|l 10
|m 55
|o 518.02462 CHA
|p 3010038889
|r 2025-11-23
|s 2025-10-16
|t 1
|v 6690.00
|w 2022-06-06
|y BK
|